Inovační přístup k dlouhým vlnám
Dlhé vlny vo svetle teórií cyklického vývoja. Počiatky histórie skúmania dlhých vĺn a prínos N. D. Kondrateva. Prístup J.A. Schumpetera na základe inovácií. Moderné rozpracovanie teórie a praxe dlhých vĺn.
Uložené v:
| Hlavný autor: | |
|---|---|
| Médium: | Kapitola |
| Jazyk: | Czech |
| Predmet: | |
| Tagy: |
Žiadne tagy, Buďte prvý, kto otaguje tento záznam!
|
MARC
| LEADER | 00000naa$a2200000$$$4500 | ||
|---|---|---|---|
| 001 | 0057461 | ||
| 005 | 20231102111201.6 | ||
| 041 | 0 | |a cze | |
| 044 | |a SK | ||
| 245 | 1 | 0 | |a Inovační přístup k dlouhým vlnám |c Pavel Sirůček |
| 520 | |a Dlhé vlny vo svetle teórií cyklického vývoja. Počiatky histórie skúmania dlhých vĺn a prínos N. D. Kondrateva. Prístup J.A. Schumpetera na základe inovácií. Moderné rozpracovanie teórie a praxe dlhých vĺn. | ||
| 610 | 2 | 0 | |a cykly hospodárske |
| 610 | 2 | 0 | |a inovácia |
| 610 | 2 | 0 | |a teórie ekonomické |
| 610 | 2 | 0 | |a teória cyklu |
| 100 | 1 | |a Sirůček, Pavel | |